Riconosci la Bandiera sbagliata - Africa - Quiz n°3 - Statistics

Statistiche generali
  • Questo quiz è stato fatto 14 volte
  • Il punteggio medio è 4 su 8
Statistiche sulle risposte
Domanda Risposta % Corretto
Qual è la bandiera sbagliata?
80%
Qual è la bandiera sbagliata?
80%
Qual è la bandiera sbagliata?
80%
Qual è la bandiera sbagliata?
60%
Qual è la bandiera sbagliata?
40%
Qual è la bandiera sbagliata?
40%
Qual è la bandiera sbagliata?
0%
Qual è la bandiera sbagliata?
0%
Nessun quiz corrispondente trovato
Distribuzione punteggi
Percentuale di utenti per punteggio
Percentile per numero di risposta
I tuoi punteggi nel tempo
Non hai fatto questo quiz